[Event "Baden-ch MB"]
[Site "Hockenheim"]
[Date "1994.??.??"]
[Round "2"]
[White "Mailitis, Kai"]
[Black "Kettner, Juergen"]
[Result "0-1"]
[WhiteElo "1960"]
[BlackElo "2170"]
[PlyCount "88"]
[EventDate "1994.??.??"]
[EventType "swiss"]
[EventRounds "11"]
[EventCountry "GER"]
[SourceTitle "EXT 2003"]
[Source "ChessBase"]
[SourceDate "2002.11.25"]
[SourceVersion "1"]
[SourceVersionDate "2002.11.25"]
[SourceQuality "1"]

1. d4 f5 2. Nc3 d5 3. f3 c5 4. e4 e5 5. dxe5 d4 6. Bb5+ Bd7 7. Bc4 Qa5 8. e6 Bc6 9. Bd2 dxc3 10. Bxc3 Qd8 11. Qxd8+ Kxd8 12. exf5 b5 13. 0-0-0+ Kc7 14. Be5+ Kb6 15. Bd3 Nf6 16. Nh3 c4 17. Be4 Bc5 18. Rhe1 Na6 19. Bxc6 Kxc6 20. g4 h6 21. Nf4 Rhd8 22. h4 Rxd1+ 23. Rxd1 Nb4 24. g5 Be3+ 25. Kb1 Bxf4 26. Rd6+ Kc5 27. Bxf4 hxg5 28. hxg5 Nfd5 29. Be5 Rf8 30. f6 gxf6 31. gxf6 Nxf6 32. e7 Rg8 33. Kc1 Ne8 34. Rd8 Nc6 35. Bd6+ Kd5 36. Kd2 Ke6 37. Ke3 Nxe7 38. Bxe7 Kxe7 39. Ra8 Rg2 40. Rxa7+ Ke6 41. Kd4 Rxc2 42. b3 Rd2+ 43. Ke3 c3 44. b4 Nd6 0-1